Statistics for 100 Random Countries

Click here to take the quiz!

General Stats

  • This quiz has been taken 612 times
    (522 since last reset)
  • The average score is 60 of 100

Answer Stats

Country % Correct
Niger
73%
Zimbabwe
71%
Afghanistan
70%
Nigeria
70%
Iran
69%
Democratic Republic of the Congo
69%
Chad
69%
Zambia
69%
Sudan
67%
North Korea
67%
Mali
67%
Ethiopia
67%
Iraq
67%
Armenia
66%
Angola
66%
Republic of the Congo
66%
Ghana
66%
Kenya
66%
Guinea
65%
Bhutan
65%
Lesotho
65%
Morocco
64%
South Sudan
64%
Turkmenistan
64%
Albania
63%
Eritrea
63%
Namibia
63%
Togo
63%
Tonga
63%
Somalia
63%
Rwanda
63%
Madagascar
63%
Tuvalu
62%
Swaziland
62%
Iceland
62%
Libya
62%
Djibouti
62%
Benin
62%
Fiji
62%
Laos
61%
Mozambique
61%
Tajikistan
61%
Botswana
61%
Vanuatu
61%
Seychelles
61%
Haiti
61%
Cuba
61%
Nepal
61%
Solomon Islands
60%
Tanzania
60%
Palau
60%
Nauru
60%
Burundi
60%
Mongolia
60%
Tunisia
60%
Guinea-Bissau
60%
Gabon
60%
Samoa
59%
Syria
59%
Comoros
59%
Uganda
59%
Liberia
59%
Cameroon
59%
Mauritania
59%
Central African Republic
59%
Azerbaijan
59%
Vietnam
58%
Senegal
58%
Burkina Faso
58%
Brunei
58%
Gambia
58%
Malawi
58%
East Timor
58%
Marshall Islands
58%
Pakistan
58%
Federated States of Micronesia
58%
Mauritius
57%
Kiribati
57%
Vatican City
56%
Papua New Guinea
56%
Myanmar
56%
Côte d'Ivoire
55%
Jamaica
55%
Kosovo
55%
Montenegro
54%
Bangladesh
54%
Kyrgyzstan
54%
Equatorial Guinea
53%
Macedonia
53%
Bosnia & Herzegovina
53%
Sierra Leone
53%
Cape Verde
52%
Guyana
52%
Bolivia
51%
São Tomé and Príncipe
51%
Moldova
50%
Dominican Republic
48%
Romania
43%
Slovakia
41%
Hungary
40%

Score Distribution

Percentile by Number Answered

Percent of People with Each Score

Your Score History

You have not taken this quiz since the last reset